000 00496nam a2200181 a 4500
001 13579
003 CO-ViMGA
008 141112s2004 ck r 000 u spa d
020 _a9583312568
040 _aCO-ViMGA
_bspa
_cCO-ViMGA
082 0 4 _a303.6 S151f
100 1 _aSalazar L., Jesus
_919788
245 1 0 _aFactor X :
_bradiografia de una nacion en crisis
260 _aSantafé de Bogotá :
_bCargraphics,
_c1999
300 _a457
650 1 4 _aVIOLENCIA - COLOMBIA
_917061
942 _2ddc
_cBK
999 _c24303
_d24303